| 000 | 00598nam a2200169 4500 | ||
|---|---|---|---|
| 001 | 120669 | ||
| 003 | ES-MaACL | ||
| 005 | 20230906191610.0 | ||
| 007 | t| | ||
| 008 | 070214s1963 sp r ||||1| spa d | ||
| 245 | 0 | 0 |
_aPráctica de las relaciones públicas / _cpublicado por `The Institute of Public Relations` de la Gran Bretaña ; traducción por Luis Jordá. |
| 260 |
_aBarcelona : _bOmega, _c1963. |
||
| 300 |
_a268 p., 2 lám. : _bil. ; _c22 cm. |
||
| 700 | 1 |
_aJordá, Luis. _966897 |
|
| 710 | 2 |
_aInstitute of Public Relations (Gran Bretaña) _94784 |
|
| 852 |
_aES-MaACL _jC-24997 _bR.53267 |
||
| 999 |
_c120669 _d120669 |
||